000 00477nam a2200193Ia 4500
005 20240823051302.0
008 240823s9999||||xx |||||||||||||| ||und||
020 _a978-81-264-2132-9
041 _aMALAYALAM
082 _A294.592309 Q3
100 _aBalakrishnan P K
245 0 _aEzhuthachante Kala:Chila Vysabharatha Patanangalum
250 _a1st
260 _c2013
_b"D C Books,Kot"
500 _aYES
650 _aNovel
_bEnglish
942 _cBK
999 _c219232
_d219232